| 000 | 01123nam0a2200253 4500 | ||
|---|---|---|---|
| 001 | RU\NLR\BIBL_A\010355083 | ||
| 005 | 20250614042416.0 | ||
| 035 | _a(NLR Aleph) 010355083 | ||
| 090 |
_a10760193 _c10760193 |
||
| 100 | _a20140510d2009 |||y0rusy50 ca | ||
| 101 | 0 | _atgk | |
| 102 | _aRU | ||
| 105 | _aa|||||||||||| | ||
| 200 | 1 |
_a"Гулчини рақс" _e(дастури методӣ барои дастаҳои худфаъолиятии бадеӣ) _fШаҳодат Абдураҳмонова _gВаз. фарҳанги Ҷумҳ. Тоҷикистон. Пажӯҳишгоҳи фарҳанг ва иттилоот |
|
| 210 |
_aДушанбе _cЭҷод _d2009 |
||
| 215 |
_a158,[1] саҳ. _cил., портр., нот. _d20 см |
||
| 541 | 1 |
_a[Венок танцев _eметод. пособие для кружков художеств. самодеятельности] _zrus |
|
| 686 | 1 | _aЩ325(5Тад) я7 | |
| 686 | 1 | _aЩ732.02 я7 | |
| 700 | 1 |
_aАбдураҳмонова _bШ. _f1951- _gШаҳодат _4070 |
|
| 852 |
_aNLR _bОНЛ _jТадж./2-8908 |
||
| 942 | _cBOOK | ||
| 980 | _aNB | ||